00471nam a2200109 a 450000100080000000500110000800800410001910000170006024500430007726002310012065000100035119335532025-01-30 1991 bl uuuu u00u1 u #d1 aDAVIS, G. H. aBooroola gene research in New Zealand. aIn: INTERNATIONAL WORKSHOP [ON] MAJOR GENES FOR REPRODUCTION IN SHEEP, 2., 1990, Toulouse. Major genes for reproduction in sheep. Paris: Institut National de la Recherche Agronomique, 1991. p. 15-17. (INRA. Les Colloquesc1991 aOvino